000 00288nam a22001337a 4500
008 170530b xxu||||| |||| 00| 0 eng d
020 _a0813112761
041 _aeng
080 _a94
100 _a17
101 _aSHH
245 _aTHE MYSTERY OF INIQUITY
_cSHURR,W.H
942 _2udc
_cBK
999 _c15056
_d15056